Croatia or Morocco - Statistics

General Stats
  • This quiz has been taken 73 times
  • The average score is 8 of 10
Answer Stats
Question Answer % Correct
Which one was once part of Yugoslavia? Croatia
100%
Which one was in the 2018 FIFA world cup final? Croatia
100%
Which one is home to a ballon d'or winner? Croatia
100%
Which one still has Spanish towns in their mainland? Morocco
100%
Which one has islands? Croatia
83%
Which one has a higher population? Morocco
83%
Which one has higher land area? Morocco
83%
Which one has got a player which got a red card in the World cup 2022? Morocco
67%
Which one has more population density? Morocco
50%
Which one has more appearances in the world cup? Tie
33%
No matching quizzes found
Score Distribution
Percent of People with Each Score
Percentile by Number Answered
Your Score History
You have not taken this quiz